[Event "ch-FRA w 2013"]
[Site "Nancy FRA"]
[Date "2013.08.19"]
[Round "8.5"]
[White "Delorme,L"]
[Black "Richard,E"]
[Result "1/2-1/2"]
[WhiteElo "2183"]
[BlackElo "2108"]

1.d4 Nf6 2.c4 e6 3.g3 Bb4+ 4.Bd2 Be7 5.Bg2 d5 6.Nc3 b6 7.Nf3 Bb7 8.Ne5 O-O
9.O-O Nbd7 10.Bf4 c6 11.Re1 Nxe5 12.dxe5 Nd7 13.cxd5 cxd5 14.e4 d4 15.Qxd4 Nc5
16.Rad1 Qxd4 17.Rxd4 Rfd8 18.Rxd8+ Rxd8 19.Bf1 Nd3 20.Bxd3 Rxd3 21.Re2 Bb4
22.Rd2 Rxd2 23.Bxd2 Bxc3 24.Bxc3 Bxe4 25.Bb4 f6 26.exf6 gxf6 27.Kf1 Kf7 28.Ke2 Kg6
29.Ke3 Bd5 30.a3 Kf5 31.f3 h5 32.Bd6 e5 33.Bb8 a6 34.Bc7 b5 35.b4 Ke6 36.Bb6 f5
37.Bc5 Bc4 38.Bf8 Kd5 39.h3 Bf1 40.h4 Bc4  1/2-1/2

[Event "12th Lichtenberger Sommer"]
[Site "Berlin GER"]
[Date "2013.08.22"]
[Round "6.24"]
[White "Cvetanovic,Damjan"]
[Black "Stiemerling,W"]
[Result "0-1"]
[WhiteElo "1937"]
[BlackElo "2158"]

1.d4 Nf6 2.c4 e6 3.g3 Bb4+ 4.Bd2 Qe7 5.Bg2 Nc6 6.Nf3 Bxd2+ 7.Nbxd2 d6 8.e4 e5
9.d5 Nb8 10.O-O O-O 11.Ne1 a5 12.Nd3 Na6 13.a3 Nc5 14.Nxc5 dxc5 15.Qe2 b6
16.a4 Ne8 17.f4 f6 18.Nf3 Nd6 19.f5 Bd7 20.g4 g6 21.b3 Qg7 22.Kh1 Kf7 23.fxg6+ Kg8
24.gxh7+ Qxh7 25.Nd2 Qg6 26.h3 Kg7 27.Kg1 Rh8 28.Kf2 Nf7 29.Nf3 Nd6 30.Nd2 Rh4
31.Ke3 Rah8 32.Kd3 Rxh3+ 33.Bxh3 Rxh3+ 34.Kc2 Bxg4 35.Qg2 Bd1+ 36.Raxd1 Qxg2
37.Rg1 Rg3 38.Rxg2 Rxg2 39.Kd3 Rg3+ 40.Kc2 Re3 41.Rg1+ Kf7 42.Rg4 Kf8 43.Rg6 Ke7
44.Rg4 Nf7 45.Nf1 Rf3 46.Ng3 Ng5 47.Kb1 Kf7 48.Kc2 Re3 49.Kb2 Kg6 50.Kc2 Rf3
51.Nf5 Rh3 52.Rg3 Rh2+ 53.Kd3 Kf7 54.Re3 Nh3 55.Kc3 Nf4 56.Re1 Ne2+ 57.Kd3 Nd4
58.Nxd4 cxd4 59.Rb1 Rh3+ 60.Kd2 Ke7 61.Rg1 Rxb3 62.Rg7+ Kd8 63.Rf7 Re3 64.Rxf6 Rxe4
65.Rf8+ Ke7 66.Rh8 Rf4 67.Rh5 e4 68.Rh7+ Kd8 69.Rh8+ Kd7 70.Rh7+ Kc8 71.Rh8+ Kb7
72.Re8 Rf2+ 73.Ke1 Rc2 74.Rxe4 Rxc4  0-1

[Event "12th Lichtenberger Sommer"]
[Site "Berlin GER"]
[Date "2013.08.23"]
[Round "7.7"]
[White "Bruedigam,M"]
[Black "Gaerths,R"]
[Result "1-0"]
[WhiteElo "2312"]
[BlackElo "2221"]

1.d4 Nf6 2.c4 e6 3.g3 Bb4+ 4.Bd2 c5 5.Bxb4 cxb4 6.Bg2 O-O 7.e4 d6 8.Ne2 e5
9.O-O Nc6 10.d5 Nb8 11.a3 Na6 12.Nc1 Bg4 13.Qb3 Qb6 14.h3 Bd7 15.Nd3 bxa3
16.Qxa3 Nc5 17.Nd2 Nxd3 18.Qxd3 a5 19.Kh2 Bc8 20.Qa3 Ra6 21.c5 Qxc5 22.Qxc5 dxc5
23.Nc4 Bd7 24.Nxe5 Bb5 25.Rfe1 a4 26.f4 Re8 27.Rac1 b6 28.Nc6 Bxc6 29.dxc6 Rc8
30.Rcd1 b5 31.e5 Ne8 32.e6 fxe6 33.Rxe6 Ra7 34.Rd7 Raa8 35.Ree7 b4 36.c7 Nxc7
37.Rxg7+ Kf8 38.Rdf7+  1-0

[Event "28th Schwarzacher Open"]
[Site "Schwarzach AUT"]
[Date "2013.08.23"]
[Round "8.5"]
[White "Borsos,B"]
[Black "Kovacevic,Bl"]
[Result "0-1"]
[WhiteElo "2279"]
[BlackElo "2429"]

1.d4 Nf6 2.c4 e6 3.g3 Bb4+ 4.Bd2 Qe7 5.Nc3 O-O 6.Bg2 d6 7.Nf3 Bxc3 8.Bxc3 Ne4
9.Rc1 f5 10.O-O Nd7 11.Nd2 Nxc3 12.Rxc3 e5 13.e3 e4 14.f3 exf3 15.Qxf3 c6
16.b4 Nf6 17.b5 Bd7 18.bxc6 Bxc6 19.Qe2 Bxg2 20.Kxg2 g6 21.Qf3 Rac8 22.Rb3 b6
23.h3 h5 24.Qf4 Kg7 25.d5 Ne4 26.Nxe4 fxe4 27.Qh4 Qxh4 28.Rxf8 Qxg3+ 29.Kxg3 Rxf8
30.Ra3 Rf7 31.Ra6 g5 32.Kg2 Kf6 33.a4 Ke5 34.a5 bxa5 35.Rxa5 Rc7 36.Ra4 Rb7
37.Kf2 h4 38.Ke1 Rf7 39.Ke2 Rc7 40.Kf2 a5 41.Ke2 Rc5 42.Kd2 Kf5 43.Kc3 g4
44.Ra1 g3 45.Kd4 Kg5 46.Kxe4 Rxc4+ 47.Kd3 Rc5 48.Rg1 Kf5  0-1

[Event "TCh-SRB 1st League w 2013"]
[Site "Kragujevac SRB"]
[Date "2013.08.24"]
[Round "1.3"]
[White "Maksimovic,S"]
[Black "Miladinovic,L"]
[Result "1/2-1/2"]
[WhiteElo "2182"]
[BlackElo "2106"]

1.d4 Nf6 2.c4 e6 3.g3 Bb4+ 4.Bd2 Qe7 5.Bg2 Nc6 6.e3 Bxd2+ 7.Qxd2 d5 8.Nc3 dxc4
9.Nf3 O-O 10.Qe2 e5 11.Nxe5 Nxe5 12.dxe5 Qxe5 13.Qxc4 Be6 14.Qh4 Rad8 15.O-O Rd2
16.Rab1 c6 17.Qb4 Rd7 18.Rbd1 a5 19.Qb6  1/2-1/2

[Event "3rd Isthmia Open"]
[Site "Vrachati GRE"]
[Date "2013.08.24"]
[Round "8.1"]
[White "Halkias,S"]
[Black "Fedorchuk,S"]
[Result "1/2-1/2"]
[WhiteElo "2567"]
[BlackElo "2669"]

1.d4 Nf6 2.c4 e6 3.g3 Bb4+ 4.Bd2 Bxd2+ 5.Qxd2 d5 6.Nf3 c6 7.Bg2 Nbd7 8.O-O O-O
9.Rc1 b6 10.b4 Bb7 11.Qb2 a5 12.a3 axb4 13.Qxb4  1/2-1/2

[Event "ch-ESP Rapid 2013"]
[Site "Linares ESP"]
[Date "2013.08.26"]
[Round "1.5"]
[White "Dziuba,M"]
[Black "Fernandez de Bobadilla,J"]
[Result "1-0"]
[WhiteElo "2589"]
[BlackElo "2210"]

1.d4 Nf6 2.c4 e6 3.g3 Bb4+ 4.Bd2 Qe7 5.Nf3 Bxd2+ 6.Qxd2 d6 7.Bg2 e5 8.Nc3 O-O
9.O-O Re8 10.dxe5 dxe5 11.Nd5 Nxd5 12.cxd5 Nd7 13.e4 a5 14.Rac1 Nc5 15.Nxe5 Nxe4
16.Bxe4 Qxe5 17.Rfe1 Bf5 18.Bxf5 Qxf5 19.Rxe8+ Rxe8 20.Rxc7 Qb1+ 21.Kg2 Qxa2
22.Rxb7 h5 23.Qg5 Qc4 24.Qxh5 Qe4+ 25.Qf3 Qxf3+ 26.Kxf3 Kf8 27.d6 Rd8 28.d7 Ke7
29.Ke4 Kd6 30.Rb5 a4 31.h4 g6 32.Rd5+ Ke6 33.Rd4 f5+ 34.Kf4 Kf6 35.f3 Kf7
36.Kg5  1-0

[Event "ch-ESP Rapid 2013"]
[Site "Linares ESP"]
[Date "2013.08.27"]
[Round "9.9"]
[White "Dziuba,M"]
[Black "Alexandrova,O"]
[Result "1/2-1/2"]
[WhiteElo "2589"]
[BlackElo "2431"]

1.d4 Nf6 2.c4 e6 3.g3 Bb4+ 4.Bd2 Bxd2+ 5.Qxd2 d5 6.Nf3 O-O 7.Bg2 c6 8.O-O Nbd7
9.Ne5 Nxe5 10.dxe5 Nd7 11.f4 Nb6 12.cxd5 cxd5 13.Qd4 Bd7 14.Nc3 Rc8 15.b3 Qc7
16.Rfc1 Qc5 17.e3 Qxd4 18.exd4 Rc7 19.Ne2 Rfc8 20.Kf2 Bb5 21.Rxc7 Rxc7 22.Rc1 Rxc1
23.Nxc1 a5 24.g4 f6 25.Ke3 Kf7 26.Bf3 g5 27.Be2 Bxe2 28.Nxe2 h6 29.Nc3 Nd7
30.Nb5 gxf4+ 31.Kxf4 fxe5+ 32.dxe5 Ke7 33.h4 Nc5 34.Ke3 Ne4 35.Nd4 Nc3 36.a4 Ne4
37.Kf4 Nc5 38.g5 Nd3+ 39.Ke3 Nxe5 40.gxh6 Ng4+ 41.Kf4 Nxh6 42.Kg5 Nf7+ 43.Kg6 Ne5+
44.Kg5 Nf7+ 45.Kg6 Ne5+ 46.Kg5 Nc6 47.Nf3 e5 48.h5 e4 49.Nd2 e3 50.Nf3 e2
51.Kf4 Nd4 52.Ne1 Nxb3 53.Ke5 d4 54.Ke4 Kf6 55.Kd3 Kg5 56.Kxe2 Kxh5 57.Kd3 Nc5+
58.Kxd4 Nxa4 59.Kc4 Kg4 60.Kb5 Nc3+ 61.Kxa5 Nd5 62.Nd3 Kf5 63.Nc5 b6+ 64.Kb5 bxc5
65.Kxc5 Ke5  1/2-1/2

[Event "US Masters 2013"]
[Site "Greensboro USA"]
[Date "2013.08.29"]
[Round "1.18"]
[White "Whaley,D"]
[Black "Rohde,M"]
[Result "1/2-1/2"]
[WhiteElo "2156"]
[BlackElo "2468"]

1.d4 Nf6 2.c4 e6 3.g3 Bb4+ 4.Bd2 c5 5.Bxb4 cxb4 6.Bg2 O-O 7.e4 d6 8.Ne2 e5
9.O-O Re8 10.Re1 a5 11.a3 Na6 12.Nd2 Bd7 13.Rc1 exd4 14.Nxd4 Nc5 15.Qc2 Qb6
16.axb4 axb4 17.b3 Ng4 18.N2f3 Ra3 19.Rb1 Rea8 20.Rb2 Ra1 21.Rxa1 Rxa1+ 22.Rb1 Qa7
23.h3 Ra2 24.Rb2 Rxb2 25.Qxb2 Nd3 26.Qb1 Ngxf2 27.Kh2 h6 28.Nf5 Qc5 29.Qa1 Bxf5
30.exf5 Qxf5 31.Qa8+ Kh7 32.Qxb7 Nc5  1/2-1/2

[Event "ch-CYP 2013"]
[Site "Nikosia/Larnaca/Limassol CYP"]
[Date "2013.09.08"]
[Round "2"]
[White "Kelires,Andreas"]
[Black "Constantinou,Pa"]
[Result "1-0"]
[WhiteElo "2189"]
[BlackElo "2062"]

1.d4 Nf6 2.c4 e6 3.g3 Bb4+ 4.Nd2 c5 5.a3 Bxd2+ 6.Qxd2 Nc6 7.dxc5 Ne4 8.Qc2 Qa5+
9.Bd2 Nxd2 10.Qxd2 Qxc5 11.Rc1 b6 12.Nf3 Bb7 13.Bg2 Nd4 14.b4 Qd6 15.Qxd4 Qxd4
16.Nxd4 Bxg2 17.Rg1 Bb7 18.f3 Ke7 19.Kf2 Rhc8 20.Rgd1 Ba6 21.b5 Bb7 22.Rc2 Rc7
23.e4 Rac8 24.Rdc1 f6 25.Ke3 g6 26.Kd3 f5 27.h4 fxe4+ 28.fxe4 e5 29.Nf3 Rf8
30.Nxe5 d6 31.Ng4 Rf3+ 32.Ne3 Ke6 33.Kd4 Rcf7 34.Rg2 Rf2 35.Rxf2 Rxf2 36.Rc2 Rf3
37.Rg2 Ba8 38.a4 Bb7 39.a5 bxa5 40.Ra2 Rxg3 41.Rxa5 Kd7 42.Rxa7 Kc8 43.h5 Rg1
44.hxg6 hxg6 45.Ra2 Rh1 46.Rg2 Rh4 47.Nd5 Rh6 48.Rxg6  1-0

[Event "Slama Mem Schev 2013"]
[Site "Monastir TUN"]
[Date "2013.09.17"]
[Round "2.4"]
[White "Payen,Ar"]
[Black "Drasko,M"]
[Result "1/2-1/2"]
[WhiteElo "2318"]
[BlackElo "2464"]

1.d4 e6 2.c4 Nf6 3.g3 Bb4+ 4.Bd2 Qe7 5.Bg2 Nc6 6.e3 e5 7.d5 Nb8 8.Ne2 Bxd2+
9.Qxd2 d6 10.Nbc3 h5 11.h3 a5 12.O-O O-O 13.b3 Nbd7 14.Rae1 Nc5 15.Kh2  1/2-1/2

[Event "Baku Open 2013"]
[Site "Baku AZE"]
[Date "2013.09.22"]
[Round "4.27"]
[White "Kanter,E"]
[Black "Pourkashiyan,A"]
[Result "1/2-1/2"]
[WhiteElo "2417"]
[BlackElo "2303"]

1.d4 Nf6 2.c4 e6 3.g3 Bb4+ 4.Bd2 Bxd2+ 5.Qxd2 O-O 6.Bg2 d5 7.Nf3 b6 8.O-O Bb7
9.cxd5 exd5 10.Nc3 Nbd7 11.Rac1 Re8 12.Nh4 Nf8 13.Rfd1 c6 14.b4 Rc8 15.Qd3 Rc7
16.a4 Ng6 17.Nxg6 hxg6 18.b5 c5 19.dxc5 Rxc5 20.e3 Qe7 21.Ne2 Rec8 22.Rxc5 Rxc5
23.Rc1 Rxc1+ 24.Nxc1 Qb4 25.Qd1 a6 26.Nd3 Qc3 27.bxa6 Bxa6 28.Nf4 Bc4 29.Nxd5 Nxd5
30.Bxd5 Bxd5 31.Qxd5 Qa1+ 32.Kg2 Qxa4 33.Qd8+ Kh7 34.Qxb6 Qa8+ 35.Kg1 Qa1+
36.Kg2  1/2-1/2

[Event "12th Forchheim Open A 2013"]
[Site "Forchheim GER"]
[Date "2013.09.29"]
[Round "5.25"]
[White "Wild,A"]
[Black "Meulner,K"]
[Result "1-0"]
[WhiteElo "2142"]
[BlackElo "2158"]

1.d4 Nf6 2.c4 e6 3.g3 Bb4+ 4.Bd2 c5 5.Bxb4 cxb4 6.Bg2 O-O 7.e4 d6 8.Ne2 e5
9.O-O Qc7 10.b3 Nc6 11.a3 bxa3 12.Nxa3 Bg4 13.f3 Bd7 14.Nb5 Qb6 15.Kh1 Nb4
16.Nbc3 a5 17.h3 Bc6 18.Qd2 h6 19.Nd1 Kh7 20.Ne3 g6 21.d5 Bd7 22.Kh2 Nh5
23.f4 f6 24.Bf3 Ng7 25.h4 Rae8 26.c5 dxc5 27.Nc4 Qd8 28.Nd6 b6 29.Nxe8 Qxe8
30.Qc3 Bb5 31.Rad1 f5 32.Rfe1 fxe4 33.Bxe4 Nf5 34.Ng1 Nd4 35.h5 Qd8 36.Bxg6+ Kg8
37.Rxe5 Nxd5 38.Qe1 Nf6 39.Re7 Bd7 40.f5 Qa8 41.Rxd7 Ng4+ 42.Kh3 Ne3 43.Qxe3  1-0

[Event "39th National ch-BAN"]
[Site "Dhaka BAN"]
[Date "2013.09.30"]
[Round "9.5"]
[White "Hasan,Me"]
[Black "Ahmed,SN"]
[Result "1-0"]
[WhiteElo "2240"]
[BlackElo "2314"]

1.d4 Nf6 2.c4 e6 3.g3 Bb4+ 4.Bd2 Qe7 5.Bg2 O-O 6.Qc2 Bxd2+ 7.Qxd2 d5 8.Nc3 dxc4
9.Nf3 Rd8 10.O-O c5 11.Rfd1 Nc6 12.Qf4 Nd5 13.Qe4 Nxc3 14.bxc3 Bd7 15.h4 h6
16.e3 Rac8 17.Rab1 b6 18.g4 cxd4 19.exd4 f5 20.gxf5 exf5 21.Qf4 Qe4 22.Qxe4 fxe4
23.Nd2 Nxd4 24.Nxe4 Nf5 25.Bh3 Be6 26.Nd6 Rc5 27.Nb7 Rxd1+ 28.Rxd1 Re5 29.Nd8 Bd5
30.f4 Ne3 31.Rd4 Re8 32.Kf2 Kf8 33.f5 Rxd8 34.Kxe3 Ke7 35.Kf4 Kd6 36.Bg2 Kc5
37.h5 b5 38.a3 a5 39.Rd1 Rd6 40.Ke5 Bxg2 41.Rxd6 b4 42.axb4+ axb4 43.cxb4+ Kxb4
44.Rg6 Bf3 45.Rxg7 c3 46.Kd4 c2 47.Rc7 Kb3 48.Kd3 Bg4 49.f6 Bxh5 50.Rb7+  1-0

[Event "Grand Open Blagoevgrad 2013"]
[Site "Blagoevgrad BUL"]
[Date "2013.10.01"]
[Round "6.14"]
[White "Tonkov,B"]
[Black "Ljangov,P"]
[Result "1-0"]
[WhiteElo "2323"]
[BlackElo "2054"]

1.d4 Nf6 2.c4 e6 3.g3 Bb4+ 4.Bd2 Be7 5.Bg2 d5 6.Nc3 O-O 7.Nf3 c6 8.b3 Ne4
9.O-O Nxc3 10.Bxc3 Nd7 11.Qc2 Nf6 12.Nd2 Bd7 13.b4 dxc4 14.Nxc4 Nd5 15.a3 Nxc3
16.Qxc3 Rc8 17.Rfd1 Qc7 18.Rac1 Rfd8 19.Ne5 Be8 20.e3 Qb8 21.Qb3 Bd6 22.f4 Qc7
23.Nc4 Qe7 24.Rd2 Bc7 25.Rdc2 Ra8 26.Na5 Bb6 27.Be4 g6 28.Kg2 Kg7 29.Nc4 Bc7
30.Nb2 Bd6 31.Nc4 Bc7 32.Qc3 Kg8 33.Bf3 Bb6 34.h4 h5 35.Rh1 f5 36.Rb1 Bc7
37.Rcb2 Bd6 38.Rd2 Bc7 39.Rbd1 Rac8 40.Qb3 Bf7 41.Qc3 Bb8 42.Kf2 Be8 43.Nb2 Bd6
44.Nc4 Bc7 45.Rc1 Bd6 46.Bd1 Kh7 47.Bb3 Bc7 48.Rdc2 Bb8 49.Nd2 Bf7 50.Nf3 Rd7
51.Qb2 Rcd8 52.Qa2 Bg8 53.Ng5+ Kh6 54.Bxe6 Bxe6 55.Qxe6 Qxe6 56.Nxe6 Re8
57.Ng5 Rde7 58.Rc3 Bd6 59.Rb1 Kg7 60.Nf3 Kf6 61.Ne5 Bxe5 62.fxe5+ Ke6 63.b5 cxb5
64.Rxb5 Rd8 65.Rcc5 Red7 66.Kf3 Kf7 67.Kf4 Kg7 68.e6 Re7 69.Ke5 Rde8 70.d5 Kh6
71.Rb1 Kg7 72.Rbc1  1-0

[Event "23rd EYCC Open U16 2013"]
[Site "Budva MNE"]
[Date "2013.10.01"]
[Round "3.12"]
[White "Zenzera,A"]
[Black "Bosnjak,Petar"]
[Result "1-0"]
[WhiteElo "2428"]
[BlackElo "2152"]

1.d4 Nf6 2.c4 e6 3.g3 Bb4+ 4.Nd2 O-O 5.Nf3 d5 6.Bg2 dxc4 7.O-O b5 8.Ne5 Nd5
9.a4 c6 10.Ne4 Bb7 11.Bd2 Be7 12.b3 f5 13.bxc4 fxe4 14.cxd5 exd5 15.Qb3 Kh8
16.axb5 c5 17.dxc5 Bxc5 18.Be3 Qb6 19.Bxe4 Qd6 20.Bxc5 Qxc5 21.Rad1  1-0

[Event "23rd EYCC Open U16 2013"]
[Site "Budva MNE"]
[Date "2013.10.03"]
[Round "5.8"]
[White "Christiansen,Johan-Sebastian"]
[Black "Zenzera,A"]
[Result "0-1"]
[WhiteElo "2218"]
[BlackElo "2428"]

1.d4 Nf6 2.c4 e6 3.g3 Bb4+ 4.Nd2 O-O 5.Bg2 d5 6.Nf3 b6 7.O-O Bb7 8.cxd5 Bxd5
9.Qc2 Bxd2 10.Qxd2 Nbd7 11.b3 Qc8 12.Bb2 a5 13.Qc3 Qb7 14.Ne1 Bxg2 15.Nxg2 a4
16.b4 b5 17.Qd3 Qe4 18.Qxb5 Rfb8 19.Qc4 Nb6 20.Qd3 Qxd3 21.exd3 a3 22.Bc3 Nbd5
23.Rfc1 Nxb4 24.Bxb4 Rxb4 25.Rc4 Rab8 26.Ne3 Rb2 27.Rxc7 g6 28.Ra7 Re2 29.Nc4 Ng4
30.Rxa3 Nxf2 31.Kf1 Rc2 32.Ne3 Rcb2 33.Nc4 Rc2 34.Ne3 Rcb2 35.Nc4 Ng4 36.Nxb2 Rxb2
37.Rb3 Nxh2+ 38.Ke1 Nf3+ 39.Kd1 Rg2 40.Kc1 Nxd4 41.Rb8+ Kg7 42.a4 Nc6 43.Rb6 Ne5
44.Rb3 Rxg3 45.a5 Nc4 46.dxc4 Rxb3 47.Kc2 Rb8 48.Kc3 h5 49.a6 h4 50.a7 Ra8
51.Kb4 g5 52.Kb5 g4 53.Kb6 g3 54.Kb7 Rxa7+ 55.Kxa7 h3 56.Rg1 g2 57.c5 Kf6
58.c6 h2 59.Rxg2 h1=Q 60.c7 Qxg2 61.c8=Q Qd5 62.Qc3+ e5 63.Kb8 Qd4 64.Qf3+ Qf4
65.Qc6+ Kg5 66.Ka8 e4 67.Qd5+ Kh4 68.Qd8+ Kg3 69.Qg8+ Kf2 70.Qc8 f5 71.Qc4 Qf3
72.Qc2+ Qe2 73.Qc5+ e3 74.Qd4 f4 75.Qc5 Qa2+ 76.Kb8 f3 77.Qd4 Qb3+ 78.Ka8 Ke2
79.Qg4 Qd5+ 80.Ka7 Ke1 81.Qb4+ Qd2 82.Qb1+ Kf2 83.Qb6 Qc3 84.Ka8 Qa1+ 85.Kb8 Qe5+
86.Ka8 Qe8+ 87.Ka7 Kg2 88.Qb2+ e2 89.Qd2 f2 90.Qd5+ Kg1 91.Qg5+ Kf1 92.Qg4 Qe3+
93.Ka8 Qa3+ 94.Kb8 e1=Q 95.Qc4+ Qe2 96.Qd5 Qe8+ 97.Kc7 Qa7+ 98.Kd6 Qee7+
99.Kc6 Qab7+  0-1

[Event "23rd EYCC Open U18 2013"]
[Site "Budva MNE"]
[Date "2013.10.03"]
[Round "5.14"]
[White "Korchmar,V"]
[Black "Silva,Luis"]
[Result "1-0"]
[WhiteElo "2323"]
[BlackElo "2281"]

1.d4 Nf6 2.c4 e6 3.g3 Bb4+ 4.Bd2 c5 5.Bxb4 cxb4 6.Bg2 O-O 7.e4 d6 8.Ne2 e5
9.O-O Re8 10.d5 Na6 11.a3 Qb6 12.axb4 Nxb4 13.Qd2 a5 14.Na3 Nd7 15.Nc2 Ra6
16.Ne3 Nc5 17.Ra3 a4 18.Nc1 Bd7 19.g4 Qa5 20.Nf5 f6 21.Rh3 g5 22.Nh6+ Kf8
23.Qc3 Ke7 24.Qf3 Rh8 25.Nf5+ Kf7 26.Rh6 Qd8 27.Ng3 Kg7 28.Rxf6 Bxg4 29.Qxg4 Kxf6
30.f4 exf4 31.Rxf4+ gxf4 32.Nh5+ Ke7 33.Qg7+ Ke8 34.Nf6+ Qxf6 35.Qxf6 Rf8
36.Qc3 Rb6 37.e5 Nbd3 38.Nxd3 Rb3 39.Qa5 Rxd3 40.exd6 b6 41.Qxb6 Rd1+ 42.Kf2 Rd2+
43.Ke1 Rxg2 44.Qxc5 Rgg8 45.Qc7  1-0

[Event "39th National ch-BAN"]
[Site "Dhaka BAN"]
[Date "2013.10.03"]
[Round "11.6"]
[White "Chatterjee,D"]
[Black "Ahmed,SN"]
[Result "0-1"]
[WhiteElo "2249"]
[BlackElo "2314"]

1.d4 e6 2.c4 Nf6 3.g3 Bb4+ 4.Bd2 Qe7 5.Nf3 O-O 6.Bg2 Bxd2+ 7.Qxd2 Ne4 8.Qc2 f5
9.O-O d6 10.Nc3 Nxc3 11.Qxc3 Nd7 12.Rad1 e5 13.dxe5 Nxe5 14.Nd4 Kh8 15.e3 Nd7
16.b4 Nf6 17.Qc2 Ne4 18.f3 Nf6 19.Rfe1 g6 20.Qc3 Kg8 21.Ne2 Bd7 22.Nf4 Be8
23.Nd5 Qg7 24.f4 Bc6 25.e4 Bxd5 26.exd5 Rae8 27.Re6 Rxe6 28.dxe6 Re8 29.Bxb7 Rxe6
30.Qd4 c5 31.bxc5 Qxb7  0-1

[Event "23rd EYCC Open U18 2013"]
[Site "Budva MNE"]
[Date "2013.10.05"]
[Round "6.5"]
[White "Sanzhaev,D"]
[Black "Saraci,Nderim"]
[Result "1-0"]
[WhiteElo "2381"]
[BlackElo "1972"]

1.d4 Nf6 2.c4 e6 3.g3 Bb4+ 4.Bd2 Qe7 5.Bg2 O-O 6.Nf3 Ne4 7.O-O Nxd2 8.Nbxd2 Bxd2
9.Qxd2 d6 10.Qc3 Nd7 11.Rac1 Rb8 12.Qa5 a6 13.Qxc7 b6 14.Nd2 f5 15.b4 e5
16.c5 bxc5 17.bxc5 dxc5 18.dxc5 Rb2 19.Nc4 Rb5 20.Nd6  1-0

[Event "Tatry Open 2013"]
[Site "Tatranske Zruby SVK"]
[Date "2013.10.05"]
[Round "8.7"]
[White "Cech,P"]
[Black "Motuz,K"]
[Result "1/2-1/2"]
[WhiteElo "2389"]
[BlackElo "2305"]

1.d4 Nf6 2.c4 e6 3.g3 Bb4+ 4.Bd2 Qe7 5.Bg2 O-O 6.Nf3 Bxd2+ 7.Qxd2 d6 8.O-O e5
9.Nc3 Nc6 10.d5 Nb8 11.e4 a5 12.Ne1 Na6 13.Nd3 c6 14.Na4 cxd5 15.Nb6 Rb8
16.Nxd5 Nxd5 17.cxd5 b6 18.b4 Bd7 19.bxa5 bxa5 20.Qxa5 Bb5 21.Rfd1 Bxd3 22.Rxd3 Nc5
23.Rd2 Ra8 24.Qc3 Ra4 25.Qc2 Qa7 26.Rb1 g6 27.h4 Kg7 28.Kh2  1/2-1/2

[Event "23rd EYCC Open U16 2013"]
[Site "Budva MNE"]
[Date "2013.10.08"]
[Round "9.1"]
[White "Kobo,Ori"]
[Black "Faizrakhmanov,Ramil"]
[Result "1-0"]
[WhiteElo "2274"]
[BlackElo "2343"]

1.d4 Nf6 2.c4 e6 3.g3 Bb4+ 4.Bd2 a5 5.Bg2 O-O 6.e4 d6 7.Ne2 e5 8.O-O Bxd2
9.Qxd2 c6 10.Nbc3 Na6 11.Rad1 Qc7 12.h3 Be6 13.b3 Rad8 14.f4 Bc8 15.g4 exf4
16.Rxf4 Qe7 17.Ng3 Nc7 18.Rdf1 Nfe8 19.Nf5 Qd7 20.d5 Na6 21.Nd1 Qc7 22.Nde3 Bxf5
23.Nxf5 Nc5 24.g5 f6 25.h4 Nd7 26.Nd4 Qb6 27.Kh1 Nc5 28.h5 Qc7 29.h6 gxh6
30.gxf6 Qf7 31.Ne6 Qh5+ 32.Kg1 Rd7 33.Nxf8 Kxf8 34.f7 Ng7 35.Qxa5 Na6 36.Qc3  1-0

[Event "4th Continental Class 2013"]
[Site "Arlington USA"]
[Date "2013.10.10"]
[Round "2.12"]
[White "Hasan,Me"]
[Black "Nieto,M"]
[Result "0-1"]
[WhiteElo "2254"]
[BlackElo "2014"]

1.d4 Nf6 2.c4 e6 3.g3 Bb4+ 4.Bd2 Qe7 5.Nf3 Nc6 6.Bg2 Bxd2+ 7.Nbxd2 d6 8.O-O O-O
9.Qc2 e5 10.d5 Nb8 11.e4 a5 12.Ne1 Na6 13.Nd3 Bg4 14.Rae1 Nd7 15.f3 Bh5 16.f4 Nac5
17.Nf2 f6 18.b3 Rfb8 19.a4 Kh8 20.Re3 Bf7 21.Nf3 g6 22.h4 h5 23.Bh3 Rg8 24.Kh2 Rg7
25.Rg1 Bg8 26.Qd1 Rf8 27.Nd2 Qe8 28.f5 Bh7 29.g4 gxf5 30.gxf5 Rfg8 31.Rxg7 Rxg7
32.Nf1 Bg8 33.Rg3 Bf7 34.Bg2 b6 35.Bf3 Kh7 36.Nh3 Rxg3 37.Nxg3 Kh6 38.Qc1+ Kg7
39.Qg1 Kh6 40.Qe3+ Kg7 41.Ng5 fxg5 42.Qxg5+ Kh7 43.Bxh5 Bxh5 44.Nxh5 Qf7
45.Ng3 Nxb3 46.f6 Nd4 47.Nf5 Nf3+  0-1

[Event "7th Univ Cent Open 2013"]
[Site "Bogota COL"]
[Date "2013.10.10"]
[Round "1.6"]
[White "Uribe Arteaga,D"]
[Black "Alvarez Pedraza,A"]
[Result "1/2-1/2"]
[WhiteElo "2289"]
[BlackElo "2490"]

1.d4 Nf6 2.c4 e6 3.g3 Bb4+ 4.Bd2 c5 5.Bxb4 cxb4 6.Nf3 O-O 7.Bg2 d6 8.O-O a5
9.a3 Na6 10.axb4 Nxb4 11.Nc3 b6 12.Ne5 d5 13.Na2 Nxa2 14.Rxa2 Ba6 15.Qd2 Rc8
16.c5 bxc5 17.Qxa5 Bxe2 18.Re1 Bc4 19.Nxc4 dxc4 20.dxc5 Qd4 21.c6 Nd5 22.Bxd5 exd5
23.c7 h5 24.h4 g6 25.Re7 Qf6  1/2-1/2

[Event "SPICE Cup Open 2013"]
[Site "St Louis USA"]
[Date "2013.10.16"]
[Round "3.12"]
[White "Troff,Kayden W"]
[Black "Enkhtuul,A"]
[Result "1-0"]
[WhiteElo "2431"]
[BlackElo "2247"]

1.d4 Nf6 2.c4 e6 3.g3 Bb4+ 4.Bd2 Qe7 5.Bg2 O-O 6.Nf3 Bxd2+ 7.Qxd2 d6 8.Nc3 e5
9.O-O h6 10.dxe5 dxe5 11.Nd5 Nxd5 12.cxd5 e4 13.Nd4 Rd8 14.Rfd1 Rxd5 15.Nf5 Rxf5
16.Qd8+ Qf8 17.Qxf8+ Kxf8 18.Rd8+ Ke7 19.Rxc8 c6 20.Bxe4 Re5 21.Bf3 Kd7 22.Rg8 Re8
23.Rxg7 Ke7 24.Bh5 Rf8 25.Rd1 Na6 26.Rd3 Nc5 27.Rf3  1-0

[Event "Indonesia Open 2013"]
[Site "Jakarta INA"]
[Date "2013.10.17"]
[Round "11.23"]
[White "Cherniaev,A1"]
[Black "Masruri,R"]
[Result "1-0"]
[WhiteElo "2415"]
[BlackElo "2222"]

1.d4 Nf6 2.c4 e6 3.g3 Bb4+ 4.Bd2 Qe7 5.Bg2 O-O 6.e3 Bxd2+ 7.Qxd2 d6 8.Ne2 e5
9.Nbc3 Nbd7 10.h3 Re8 11.O-O Nf8 12.e4 c5 13.d5 N6d7 14.b3 Ng6 15.Rae1 Ndf8
16.Nc1 Bd7 17.Nd3 a6 18.Kh2 b5 19.Nd1 a5 20.Ne3 Ra6 21.cxb5 Bxb5 22.a4 Bxd3
23.Qxd3 Ra7 24.Bf3 Rb8 25.Bd1 Nd7 26.Qc3 Nb6 27.Be2 Na8 28.Bc4 Qd8 29.f4 f6
30.f5 Nf8 31.h4 h6 32.Rf2 Nh7 33.Rg1 Kf7 34.g4 Qb6 35.Rg3 Qd8 36.Rfg2 Rab7
37.Nc2 Ke7 38.Qe3 Qh8 39.Rh3 Qf8 40.Ne1 Kd8 41.Nf3 Rf7 42.g5 fxg5 43.hxg5 Nxg5
44.Nxg5 hxg5 45.Qxg5+ Qe7 46.Rh7 Nb6 47.Bb5 Rb7  1-0

[Event "SPICE Cup Open 2013"]
[Site "St Louis USA"]
[Date "2013.10.18"]
[Round "6.6"]
[White "Troff,Kayden W"]
[Black "Xiong,Jeffrey"]
[Result "1-0"]
[WhiteElo "2431"]
[BlackElo "2345"]

1.d4 Nf6 2.c4 e6 3.g3 Bb4+ 4.Bd2 c5 5.Bxb4 cxb4 6.Bg2 O-O 7.e4 d6 8.Ne2 e5
9.O-O Nc6 10.a3 Bg4 11.f3 Bd7 12.axb4 Nxb4 13.Kh1 Re8 14.Na3 h5 15.Nc3 h4
16.g4 Nh7 17.h3 g5 18.Qd2 a5 19.Rad1 Nf8 20.c5 exd4 21.Qxd4 dxc5 22.Qxc5 Ne6
23.Qf5 Nf8 24.Rxd7 Nxd7 25.Rd1 Re6 26.Nab5 Raa6 27.f4 gxf4 28.Qxf4 Qf6 29.Qe3 Ne5
30.Nc7 Rad6 31.Rf1 Rd3 32.Qe1 Qe7 33.Nxe6 fxe6 34.Qc1 Kh7 35.Qf4 Ng6 36.Qf2 Kg8
37.e5 Nxe5 38.Ne4 Nd5 39.g5 Ng6 40.Nf6+ Kg7 41.Nh5+ Kh7 42.Be4 Rxh3+ 43.Kg2 Rb3
44.Qf7+ Qxf7 45.Rxf7+ Kg8 46.Bxg6 Rxb2+ 47.Kh3 Rb3+ 48.Kxh4 Rb4+ 49.Kg3 Rb3+
50.Kh2 Rb2+ 51.Kg1 Rb4 52.Kh2 Rb2+ 53.Kg3 Rb5 54.Rg7+ Kf8 55.Rf7+ Kg8 56.Rd7 Kf8
57.Kf2 Rb2+ 58.Kf1 Ne3+ 59.Ke1 Rg2 60.Nf6 Nc2+ 61.Bxc2 Rxg5 62.Nh7+ Ke8 63.Nf6+ Kf8
64.Rxb7 Rg7 65.Rxg7 Kxg7 66.Ne4 Kf7 67.Kd2 e5 68.Kc3 Ke6 69.Kc4 a4 70.Bxa4 Kf5
71.Kd5 Kf4 72.Bd7 Ke3 73.Kxe5 Kd3 74.Bb5+ Kc2 75.Kd4 Kb3 76.Bc4+ Kb4 77.Nd2 Ka3
78.Kc3 Ka4 79.Nb3 Ka3 80.Be2 Ka2 81.Bd3 Ka3 82.Bb1 Ka4 83.Nd4 Ka5 84.Kc4 Kb6
85.Kd5 Ka5 86.Kc4 Kb6 87.Nb5 Kb7 88.Bf5 Kc6 89.Bg4 Kb6 90.Kb4 Kc6 91.Be6 Kb6
92.Bd7 Ka6 93.Nc7+ Kb7 94.Nd5 Ka6 95.Ka4 Ka7 96.Bc8 Kb8 97.Ba6  1-0

[Event "SPICE Cup Open 2013"]
[Site "St Louis USA"]
[Date "2013.10.18"]
[Round "7.16"]
[White "Chiang,S"]
[Black "Rodriguez,Er"]
[Result "1-0"]
[WhiteElo "2102"]
[BlackElo "2307"]

1.d4 Nf6 2.c4 e6 3.g3 Bb4+ 4.Bd2 Qe7 5.Nf3 Nc6 6.Nc3 O-O 7.Bg2 Na5 8.b3 b6
9.O-O Bb7 10.Qc2 Rac8 11.a3 Bxa3 12.e4 Bb4 13.e5 Bxf3 14.Bxf3 Ne8 15.Ra4 c5
16.dxc5 bxc5 17.Rfa1 Qd8 18.Be3 Nc6 19.Bxc6 Rxc6 20.Rxa7 d6 21.Nb5 dxe5 22.Qe4 Rc8
23.Qxe5 Qd3 24.Bg5 Kh8 25.Ra8 Rxa8 26.Rxa8 f6 27.Bxf6 Qf3 28.Nc7 gxf6 29.Qxe6 Qxa8
30.Nxa8 Ng7 31.Qd5 f5 32.Nc7 f4 33.Qd6 Kg8 34.gxf4 Nf5 35.Qd5+ Kh8 36.Qe5+  1-0

[Event "29th ECC Open 2013"]
[Site "Rhodes GRE"]
[Date "2013.10.21"]
[Round "2.1"]
[White "Swinkels,R"]
[Black "Murray,D"]
[Result "0-1"]
[WhiteElo "2536"]
[BlackElo "2162"]

1.d4 Nf6 2.c4 e6 3.g3 Bb4+ 4.Bd2 a5 5.Bg2 O-O 6.e4 d5 7.e5 Nfd7 8.a3 Be7
9.cxd5 Nb6 10.dxe6 Qxd4 11.Ne2 Qxe5 12.exf7+ Rxf7 13.Nc3 Na6 14.O-O c6 15.Bf4 Qh5
16.Qb3 Bc5 17.Be3 a4 18.Nxa4 Nxa4 19.Nf4 Qe5 20.Qxa4 Bxe3 21.fxe3 Qxe3+ 22.Kh1 Nc7
23.Qb4 Qe7 24.Qb3 Ra5 25.Rae1 Qf8 26.Rf2 Rb5 27.Qa2 Rf5 28.Be4 Rf6 29.Rd2 Kh8
30.Bg2 Re7 31.Rxe7 Qxe7 32.Re2 Qd8 33.Qb3 Ne6 34.Qe3 Nxf4 35.gxf4 Bg4 36.Rd2 Qf8
37.Qb6 Rd6 38.Qb4 Rd8 39.h3 Bc8 40.Kh2 h6 41.Qxf8+ Rxf8 42.Kg3 Kg8 43.b4 Kf7
44.b5 cxb5 45.Rd5 Re8 46.Kf2 Re7 47.Rxb5 Rc7 48.Rb3 Kf6 49.Be4 Re7 50.Kf3 Bxh3
51.Bxb7 Be6 52.Rb5 Rxb7 53.Ra5 Rb3+ 54.Ke4 g6 55.a4 h5 56.Ra7 h4 57.Rh7 h3
58.a5 Ra3 59.a6 Rxa6 60.Kf3 Ra3+ 61.Kf2 Ra2+  0-1